000 00772na a2200229 4500
001 13444
003 MIRAKIL
005 20181213154833.0
008 161001b tu 000 0
035 _a13444
040 _aMilas
_btur
_cTR-AnCHP
082 _a351.00352
_b D29s 2002
090 _a351.00352 D29s 2002
100 _aDayanıklı, Bayram Fırat
_c1996-2002 Tekirdağ Milletvekili
245 _aSiyaset penceresinden
_cBayram Fırat Dayanıklı
260 _aAnkara
_b[yayl. y.]
_c2002
_fSistem Ofset Basım
300 _a243 s.
_c24 sm.
500 _aYapıt yazarından imzalıdır.
650 _aSiyasetçiler
_d1996-2002
_xMeclis konuşmaları
_zTürkiye
650 _aMilletvekilleri
_xMuhalif politikalar
_ySöylev ve demeçler
_zTürkiye
942 _2ddc
_cBKS
999 _c1738
_d1738